000 00228nam a2200097Ia 4500
008 120527s9999 xx 000 0 und d
100 _aHEATCOTE,P.M
245 _aA' Level ICT 2nd edition.
260 _bPayne Gallway
942 _cBK
999 _c23656
_d23656